[Event "Seefeld op 08th"]
[Site "Seefeld"]
[Date "1997.??.??"]
[Round "?"]
[White "Dittmar, Peter"]
[Black "Kleinsasser, Franz"]
[Result "1-0"]
[WhiteElo "2325"]
[BlackElo "2150"]
[PlyCount "57"]
[EventDate "1997.09.??"]
[EventType "swiss"]
[EventRounds "9"]
[EventCountry "AUT"]
[SourceTitle "EXT 2000"]
[Source "ChessBase"]
[SourceDate "1999.11.16"]
[SourceVersion "1"]
[SourceVersionDate "1999.11.16"]
[SourceQuality "1"]

1. d4 Nf6 2. c4 g6 3. Nc3 Bg7 4. Nf3 0-0 5. Bf4 d6 6. e3 e6 7. Be2 Qe7 8. 0-0 h6 9. h3 a6 10. b4 Nbd7 11. c5 e5 12. Bh2 e4 13. Nd2 dxc5 14. bxc5 Re8 15. Qa4 b6 16. Qc6 Ra7 17. Bxc7 bxc5 18. Bd6 Bb7 19. Qc7 Qd8 20. Qxd8 Rxd8 21. dxc5 Rc8 22. Na4 Nd5 23. Rab1 Bc6 24. Nb6 N7xb6 25. cxb6 Rd7 26. Bxa6 Rcd8 27. Nc4 Nc3 28. Bc7 Ne2+ 29. Kh1 1-0

[Event "Zillertal op"]
[Site "Zillertal"]
[Date "1997.??.??"]
[Round "5"]
[White "Fleischmann, Albert"]
[Black "Kleinsasser, Franz"]
[Result "1/2-1/2"]
[WhiteElo "1930"]
[BlackElo "2145"]
[PlyCount "25"]
[EventDate "1997.??.??"]
[EventType "swiss"]
[EventRounds "9"]
[EventCountry "AUT"]
[SourceTitle "EXT 1999"]
[Source "ChessBase"]
[SourceDate "1998.11.16"]
[SourceVersion "1"]
[SourceVersionDate "1998.11.16"]
[SourceQuality "1"]

1. e4 g6 2. d4 Bg7 3. f3 d6 4. Bc4 Nd7 5. Ne2 c6 6. Bb3 e5 7. Be3 Ne7 8. 0-0 0-0 9. c3 h6 10. Qd2 Kh7 11. Na3 Nf6 12. Rad1 Qc7 13. dxe5 1/2-1/2

[Event "Zillertal op"]
[Site "Zillertal"]
[Date "1997.??.??"]
[Round "9"]
[White "Kaminik, Aleksandar"]
[Black "Kleinsasser, Franz"]
[Result "1-0"]
[WhiteElo "2250"]
[BlackElo "2145"]
[PlyCount "43"]
[EventDate "1997.??.??"]
[EventType "swiss"]
[EventRounds "9"]
[EventCountry "AUT"]
[SourceTitle "EXT 1999"]
[Source "ChessBase"]
[SourceDate "1998.11.16"]
[SourceVersion "1"]
[SourceVersionDate "1998.11.16"]
[SourceQuality "1"]

1. d4 Nf6 2. c4 g6 3. Nc3 Bg7 4. e4 d6 5. f3 0-0 6. Be3 c6 7. Nge2 e5 8. Qd2 a6 9. g4 Nfd7 10. d5 cxd5 11. Nxd5 Nc6 12. h4 Rb8 13. h5 Nd4 14. Nxd4 exd4 15. Bxd4 Ne5 16. Be2 b5 17. f4 Nxg4 18. Bxg7 Kxg7 19. hxg6 fxg6 20. f5 gxf5 21. Bxg4 fxg4 22. Qh6+ 1-0

[Event "Seefeld op 08th"]
[Site "Seefeld"]
[Date "1997.??.??"]
[Round "?"]
[White "Kleinsasser, Franz"]
[Black "Russ, Colin"]
[Result "1/2-1/2"]
[WhiteElo "2150"]
[BlackElo "1880"]
[PlyCount "62"]
[EventDate "1997.09.??"]
[EventType "swiss"]
[EventRounds "9"]
[EventCountry "AUT"]
[SourceTitle "EXT 2000"]
[Source "ChessBase"]
[SourceDate "1999.11.16"]
[SourceVersion "1"]
[SourceVersionDate "1999.11.16"]
[SourceQuality "1"]

1. d4 d5 2. c4 dxc4 3. Nc3 Nf6 4. Bg5 e6 5. e3 Be7 6. Bxc4 0-0 7. Nf3 Nbd7 8. Rc1 c5 9. 0-0 a6 10. Qe2 b5 11. Bd3 Bb7 12. Rfd1 Rc8 13. h3 c4 14. Bb1 b4 15. Na4 Qa5 16. Bxf6 Nxf6 17. Nc5 Bxc5 18. dxc5 Qxc5 19. Rd4 c3 20. Bd3 a5 21. Rc4 Qh5 22. bxc3 Rxc4 23. Bxc4 bxc3 24. Rxc3 Bxf3 25. Qxf3 Qe5 26. Rc2 h6 27. g3 Rc8 28. Bd3 Rd8 29. Be2 Qa1+ 30. Kg2 Qb1 31. Qc6 Qb4 1/2-1/2

[Event "Zillertal op"]
[Site "Zillertal"]
[Date "1997.??.??"]
[Round "3"]
[White "Kroell, Stefan"]
[Black "Kleinsasser, Franz"]
[Result "1-0"]
[WhiteElo "1860"]
[BlackElo "2145"]
[PlyCount "129"]
[EventDate "1997.??.??"]
[EventType "swiss"]
[EventRounds "9"]
[EventCountry "AUT"]
[SourceTitle "EXT 1999"]
[Source "ChessBase"]
[SourceDate "1998.11.16"]
[SourceVersion "1"]
[SourceVersionDate "1998.11.16"]
[SourceQuality "1"]

1. c4 c5 2. Nc3 g6 3. Nf3 Bg7 4. g3 Nc6 5. Bg2 e6 6. 0-0 Nge7 7. d3 0-0 8. Rb1 b6 9. Bg5 h6 10. Bd2 Bb7 11. e3 Rc8 12. Nb5 d5 13. Qe2 Qd7 14. Na3 Rfd8 15. Rfd1 Qc7 16. Bc3 e5 17. d4 cxd4 18. exd4 exd4 19. Nb5 Qb8 20. Nbxd4 Re8 21. Nxc6 Nxc6 22. Qc2 dxc4 23. Bxg7 Kxg7 24. Qxc4 Ne5 25. Qd4 Bxf3 26. Bxf3 Red8 27. Bd5 f6 28. Qe4 f5 29. Qb4 Qd6 30. Qxd6 Rxd6 31. Bb7 Rcd8 32. Rxd6 Rxd6 33. Re1 Kf6 34. Kg2 Nd3 35. Re2 Nc5 36. Ba8 g5 37. h3 Nd3 38. Bb7 Nc1 39. Rc2 Nxa2 40. b3 Nb4 41. Rc4 a5 42. Rc3 Rd3 43. Rxd3 Nxd3 44. Bd5 Ke5 45. Bc6 Ne1+ 46. Kf1 Nc2 47. Be8 f4 48. Bf7 b5 49. Ke2 a4 50. Kd2 axb3 51. Bxb3 fxg3 52. fxg3 Nd4 53. Bd1 Nf5 54. g4 Nh4 55. Ke3 Ng2+ 56. Kf3 Nf4 57. Kg3 b4 58. h4 Nd3 59. hxg5 hxg5 60. Kf3 Kd4 61. Ke2 Nc5 62. Kd2 Ke4 63. Bc2+ Kf4 64. Bf5 Ne4+ 65. Kc2 1-0

[Event "Zillertal op"]
[Site "Zillertal"]
[Date "1997.??.??"]
[Round "7"]
[White "Taschner, Peter"]
[Black "Kleinsasser, Franz"]
[Result "1/2-1/2"]
[WhiteElo "2015"]
[BlackElo "2145"]
[PlyCount "30"]
[EventDate "1997.??.??"]
[EventType "swiss"]
[EventRounds "9"]
[EventCountry "AUT"]
[SourceTitle "EXT 1999"]
[Source "ChessBase"]
[SourceDate "1998.11.16"]
[SourceVersion "1"]
[SourceVersionDate "1998.11.16"]
[SourceQuality "1"]

1. e4 d6 2. d4 g6 3. Nc3 Bg7 4. g3 Nf6 5. Bg2 0-0 6. Nge2 e5 7. 0-0 Nc6 8. d5 Ne7 9. h3 Ne8 10. f4 f5 11. fxe5 dxe5 12. Bg5 Nd6 13. Qd3 Bd7 14. Rae1 Qe8 15. Bxe7 Qxe7 1/2-1/2

[Event "Seefeld op 07th"]
[Site "Seefeld"]
[Date "1996.??.??"]
[Round "?"]
[White "Kleinsasser, Franz"]
[Black "Kreusch, Frank"]
[Result "1-0"]
[WhiteElo "1970"]
[BlackElo "1680"]
[PlyCount "73"]
[EventDate "1996.09.15"]
[EventType "swiss"]
[EventRounds "9"]
[EventCountry "AUT"]
[SourceTitle "EXT 2000"]
[Source "ChessBase"]
[SourceDate "1999.11.16"]
[SourceVersion "1"]
[SourceVersionDate "1999.11.16"]
[SourceQuality "1"]

1. Nf3 Nf6 2. g3 g6 3. Bg2 Bg7 4. 0-0 0-0 5. c4 c5 6. d4 d6 7. Nc3 Nbd7 8. e4 cxd4 9. Nxd4 Qb6 10. Nc2 Ne5 11. Be3 Qc7 12. b3 Nc6 13. h3 Be6 14. Qd2 Qc8 15. Kh2 Ne8 16. Nd4 Nxd4 17. Bxd4 Bxd4 18. Qxd4 Nf6 19. Rad1 Nd7 20. f4 Nf6 21. e5 dxe5 22. fxe5 Nd7 23. Nd5 Bxd5 24. cxd5 Nb6 25. a4 Qd7 26. a5 Nc8 27. d6 exd6 28. exd6 Rb8 29. h4 Rd8 30. Rxf7 Qxf7 31. Bd5 Nxd6 32. Qf2 Qxd5 33. Rxd5 Rf8 34. Qxa7 Ne4 35. Qd4 Rbe8 36. Rd7 Rf7 37. Qc4 1-0

[Event "Seefeld op 07th"]
[Site "Seefeld"]
[Date "1996.??.??"]
[Round "?"]
[White "Kleinsasser, Franz"]
[Black "Santl, Anton"]
[Result "0-1"]
[WhiteElo "1970"]
[BlackElo "2230"]
[PlyCount "85"]
[EventDate "1996.09.15"]
[EventType "swiss"]
[EventRounds "9"]
[EventCountry "AUT"]
[SourceTitle "EXT 2000"]
[Source "ChessBase"]
[SourceDate "1999.11.16"]
[SourceVersion "1"]
[SourceVersionDate "1999.11.16"]
[SourceQuality "1"]

1. Nf3 Nf6 2. g3 g6 3. Bg2 Bg7 4. 0-0 0-0 5. c4 d6 6. h3 Nc6 7. Nc3 a6 8. d3 Rb8 9. Nd2 e5 10. Rb1 Bd7 11. b4 b5 12. a3 Nh5 13. Nde4 h6 14. Nd5 f5 15. Nd2 Nd4 16. e3 Ne6 17. Bb2 c6 18. Nc3 Nf6 19. Ne2 Qc7 20. Qb3 Kh7 21. Rfc1 Rbe8 22. Qa2 Ng5 23. Kh2 Be6 24. Qa1 bxc4 25. Nxc4 Bxc4 26. Rxc4 d5 27. Rc2 Re6 28. Rbc1 Rfe8 29. Qa2 Qb7 30. h4 Nf7 31. Nc3 e4 32. dxe4 fxe4 33. Na4 Ng4+ 34. Kg1 Rd6 35. Nc5 Qc8 36. Bxg7 Kxg7 37. Qb2+ Nfe5 38. Qd4 Rf6 39. a4 Qf5 40. Nxe4 dxe4 41. Bxe4 Nf3+ 42. Bxf3 Qxf3 43. Rxc6 0-1

[Event "Seefeld op 07th"]
[Site "Seefeld"]
[Date "1996.??.??"]
[Round "?"]
[White "Volf, Rudolf"]
[Black "Kleinsasser, Franz"]
[Result "1/2-1/2"]
[WhiteElo "1610"]
[BlackElo "1970"]
[PlyCount "135"]
[EventDate "1996.09.15"]
[EventType "swiss"]
[EventRounds "9"]
[EventCountry "AUT"]
[SourceTitle "EXT 2000"]
[Source "ChessBase"]
[SourceDate "1999.11.16"]
[SourceVersion "1"]
[SourceVersionDate "1999.11.16"]
[SourceQuality "1"]

1. f4 d5 2. e3 Nf6 3. Nf3 Bg4 4. h3 Bxf3 5. Qxf3 Nbd7 6. d4 e6 7. Bd3 c6 8. Nd2 Bd6 9. g4 g6 10. h4 h5 11. g5 Ng4 12. Nf1 Qb6 13. Nh2 Nxh2 14. Rxh2 0-0-0 15. c3 Rhg8 16. Rg2 Rdf8 17. Qd1 c5 18. Qb3 cxd4 19. Qxb6 Nxb6 20. cxd4 Kb8 21. Bd2 Rc8 22. Rc1 Rxc1+ 23. Bxc1 Rc8 24. Rc2 Rxc2 25. Bxc2 Bb4+ 26. Ke2 Nc4 27. a3 Ba5 28. b3 Nd6 29. b4 Bc7 30. Bd2 b5 31. a4 a6 32. axb5 axb5 33. Be1 Kb7 34. Bd3 Kc6 35. Kd1 Nc4 36. Bd2 Bd6 37. Kc2 Nxd2 38. Kxd2 Bxb4+ 39. Kd1 Bc3 40. Bc2 Kb6 41. Ke2 Ka5 42. Kd3 Be1 43. e4 Kb6 44. exd5 exd5 45. Ke3 Bxh4 46. Kf3 Kc6 47. Kg2 Kd6 48. Bd3 b4 49. Kh3 Bf2 50. f5 gxf5 51. Bxf5 Bxd4 52. Kh4 Bg7 53. Kxh5 Ke5 54. Kg4 Kd4 55. Kf3 Kc3 56. Ke2 b3 57. Kd1 Kb2 58. Bd3 Be5 59. g6 fxg6 60. Bxg6 Bf4 61. Bf7 d4 62. Bc4 Kc3 63. Be6 Kb4 64. Bd5 Ka3 65. Bc4 Ka2 66. Bd5 Kb2 67. Be6 d3 68. Bd5 1/2-1/2

[Event "Finkenstein op"]
[Site "Finkenstein"]
[Date "1994.??.??"]
[Round "?"]
[White "Gostisa, Leon F"]
[Black "Kleinsasser, Franz"]
[Result "1-0"]
[WhiteElo "2420"]
[BlackElo "1940"]
[PlyCount "65"]
[EventDate "1994.??.??"]
[EventType "swiss"]
[EventRounds "9"]
[EventCountry "AUT"]
[SourceTitle "EXT 1997"]
[Source "ChessBase"]
[SourceDate "1996.11.15"]
[SourceVersion "1"]
[SourceVersionDate "1996.11.15"]
[SourceQuality "1"]

1. d4 Nf6 2. c4 g6 3. Nc3 Bg7 4. e4 d6 5. Be2 0-0 6. Nf3 c6 7. 0-0 Qc7 8. h3 e5 9. Be3 Re8 10. d5 Nbd7 11. Nd2 a5 12. a3 c5 13. b4 b6 14. bxa5 bxa5 15. Nb5 Qb8 16. Rb1 Ba6 17. Qc2 Bxb5 18. Rxb5 Qc7 19. Qc3 Reb8 20. Rfb1 Ne8 21. Bg4 Ndf6 22. Bd1 Nd7 23. Rxb8 Rxb8 24. Rxb8 Nxb8 25. Ba4 Nf6 26. f3 Nh5 27. Nb3 f5 28. Qxa5 Qe7 29. Qb5 Qd8 30. exf5 gxf5 31. Qe8+ Qxe8 32. Bxe8 Kf8 33. Bxh5 1-0